The complete medicinal herbal / (Record no. 19043)
[ view plain ]
| 000 -LEADER | |
|---|---|
| fixed length control field | 00416cam a2200157 a 4500 |
| 020 ## - INTERNATIONAL STANDARD BOOK NUMBER | |
| ISBN | 156458187X : |
| 040 ## - CATALOGING SOURCE | |
| Transcribing agency | DLC |
| 082 00 - DEWEY DECIMAL CLASSIFICATION NUMBER | |
| Classification number | 615 DOR 1993 C159 Or. |
| 100 1# - MAIN ENTRY--AUTHOR NAME | |
| Personal name | Ody, Penelope. |
| 245 14 - TITLE STATEMENT | |
| Title | The complete medicinal herbal / |
| 250 ## - EDITION STATEMENT | |
| Edition statement | 1st American ed. |
| 260 ## - PUBLICATION, DISTRIBUTION, ETC. (IMPRINT) | |
| Place of publication | London ; |
| -- | New York : |
| Name of publisher | Dorling Kindersley, |
| Year of publication | 1993. |
| 300 ## - PHYSICAL DESCRIPTION | |
| Number of Pages | 192 p. : |
| Other physical details | ill. (some col.) ; |
| Dimensions | 30 cm. |
| 650 #0 - SUBJECT ADDED ENTRY--TOPICAL TERM | |
| Topical Term | Herbs |
| 942 ## - ADDED ENTRY ELEMENTS (KOHA) | |
| Koha item type | ADB |
| 952 ## - LOCATION AND ITEM INFORMATION (KOHA) | |
| Withdrawn status [LOCAL, KOHA] | 0 |
| Koha item type | Source of acquisition | Lost status | Permanent Location | Current Location | Date acquired | Full call number |
|---|---|---|---|---|---|---|
| សៀវភៅភាសាអង់គ្លេស | A39570 | Library Block C | Library Block C | 2020-03-03 | 615 DOR 1993 C159 Or. |